000 00910nam a22002897a 4500
001 0023240
003 KOHA_MİRAKIL
005 20260207002407.0
007 ta
008 101026b1995 enk |||gr||||#||||0|eng |
020 _a0130967513
_q(cloth)
040 _aTR-BiSEU
_btur
_cTR-BiSEU
_erda
041 0 _aeng
044 _cenk
050 _aTK5102.9
_b.S54 1995
100 1 _aShenoi, Kishan.
245 1 _aDigital signal processing in telecommunications/
_cKishan Shenoi ; Kishan Shenoi.
264 1 _aUpper Saddle River, N.J. :
_bPrentice Hall PTR
_c1995
300 _axiv, 564 sayfa: resimli; 24 cm.
336 _ametin
_btxt
_2rdacontent
337 _aaracısız
_bn
_2rdamedia
338 _acilt
_bnc
_2rdacarrier
500 _aKaynakça ve dizin var.
650 0 _aSinyal işleme--Sayısal teknikler.
_948133
650 0 _aSignal processing--Digital techniques.
_925025
942 _2lcc
_cBK
999 _c23195
_d23195